000 00843nab a2200277 4500
003 BR-BrBNA
005 20250505235401.0
008 250505b bl.||||| |||| 00| 0 por d
040 _aBR-BrBNA
_bpor
072 _aF01 ; E71 ; E72
_b0120 ; 0336
100 _aMorais, Larissa
245 _aCoadjuvante de peso
_bAgronegócio
500 _a2 illus.
650 _aMILHO
650 _aGRAMÍNEA
650 _aPLANTIO
650 _aENTRESSAFRA
650 _aSOJA
650 _aLEGUMINOSA
650 _aMERCADO INTERNACIONAL
650 _aEXPORTAÇÃO
650 _aMERCADO INTERNO
773 0 _01706
_9347864
_dSão Paulo-SP Editora Três Ltda - E-mail: luizfsa@revistadinheiro.com.br 2004
_o2025-0365
_tDinheiro Rural (Brazil)
_x1807-3700
_gv. 4(34) p. 40-41; (Aug 2007)
_wBR2025001030
942 _cANA
999 _c331329
_d331329